000 00723nam a2200217 a 4500
001 BRCA_1120
005 20190320203304.0
008 940523s1990 sp-a---###---#000-0#spa-#
020 _a8485628721
040 _aDLC
_cDLC
050 4 _aND813.M5
_b.R63 1990
100 1 _aRodríguez González, Margarita
_92579
245 1 0 _aEl pintor Juan de Miranda, 1723-1805
_cMargarita Rodríguez González.
260 _aLas Palmas, España
_bCabildo Insular de Gran Canaria
_c1990
300 _a57 p.
_bil. (algunas a color)
_c20 cm.
440 0 _aColección ´Guagua´
_v70
_93693
504 _aBibliografía: p. 55-57
600 1 4 _aMiranda, Juan de
_d1723-1805
_vBiografía
_92580
650 1 4 _aPintura
_zEspaña
_92581
942 _2lcc
_cB
999 _c998
_d998